000 00708nam a2200265Ia 4500
008 171025s9999 xx 000 0 und d
020 _a9781900322249
050 _a551.6
050 _bC638 2008
100 _aClift, Jon
245 _aClimate change :
245 _bsimple things you can do to make a difference /
245 _cby Jon Clift and Amanda Cuthbert.
260 _aDevon :
260 _bGreen Books,
260 _c2008
300 _a92 pages :
300 _bsome colored illustrations ;
440 _aGreen books guides.
500 _aIncludes bibliographic reference.
650 _aClimatic change.
700 _aCuthbert, Amanda.
700 _aSeries.
700 _aTitle.
999 _c344711
_d344711